000
00210nam a22000857a 4500
999
_c
11014
_d
11014
008
180720b ||||| |||| 00| 0 eng d
100
_a
Defoe
_9
6802
245
_a
Robinson Crusue
260
_a
New Delhi
_b
Campfire
_c
2016